000 01027cam a22003015a 4500
001 16641000
005 20201128024130.0
008 110207r20122011enka frb f001 0 eng d
020 _a9780199227280
020 _a0199227284
040 _aNLE
_cNLE
_dCDX
_dUAT
_dUKM
_dYDXCP
_dOCLCQ
_dDLC
_dEG-ScBUE
_beng
082 0 4 _222
_a338.473621
_bAPP
245 0 0 _aApplied methods of cost-effectiveness analysis in health care /
_cAlistair M. Gray ... [et al.]
250 _aReprint ed.
260 _aOxford ;
_aNew York :
_bOxford University Press,
_c2012.
300 _avi, 313 p. :
_bill. ;
_c24 cm.
490 0 _aHandbooks in health economic evaluation series ;
_v3
500 _aReprinted of the 2011 edition.
500 _aIndex : p. 307-313.
504 _aIncludes bibliographical references.
650 0 _aMedical economics.
_2BUEsh
650 7 _aCost effectiveness.
_2BUEsh
_92153
651 _2BUEsh
653 _bPPhrm
_cFebruary2017
655 _vReading book
_934232
700 1 _aGray, Alastair,
_d1953-
942 _2ddc
999 _c24118
_d24090